000 00698nam a2200181Ia 4500
008 100920s9999 xx 000 0 und d
082 _b73197
_a28 व 51 थ 98
100 _aथत्ते यदुनाथ.
245 _aमुलांचे सानेगुरूजी.
260 _bइंद्रायणी साहित्य प्रकाशन पुणे 30.
_c1998
300 _a52
_bसाधी
365 _b15
520 _aबा. वि चरित्र.
630 _aमुलांचे सानेगुरूजी.
650 _aबा. वि चरित्र.
730 _aमुलांचे सानेगुरूजी.
942 _cBOOK
999 _c714895
_d714892